Visualizzazione normale
Vista MARC
- Giampaolo Dianin
di Personal Name
Records bibliografici associati: 1
001 - CONTROL NUMBER
- control field: 36352
003 - CONTROL NUMBER IDENTIFIER
- control field: IT-RoPau
005 - DATE AND TIME OF LATEST TRANSACTION
- control field: 20151023220639.0
008 - FIXED-LENGTH DATA ELEMENTS
- fixed length control field: 151023|| aca||aabn | a|a d
040 ## - CATALOGING SOURCE
- Original cataloging agency: IT-RoPau
- Transcribing agency: IT-RoPau
100 ## - HEADING--PERSONAL NAME
- Personal name: Giampaolo Dianin
670 ## - SOURCE DATA FOUND
- Source citation: Work cat.: (IT-RoPau)37383: Giampaolo Dianin, L’Europa e le religioni. Identità religiose e progetto di Costituzione europea.